000 01300cam a2200409 a 4500
001 5789
003 FISKH
005 20250122150729.0
008 070518s2008 nyua a 000 1 eng
010 _a 2007017677
020 _a9781416951322 (lib. bdg.)
020 _a9781416951315
020 _a1416951326 (lib. bdg.)
020 _a9781416951315 (pbk.)
020 _a1416951318 (pbk.)
040 _aDLC
_cDLC
_dDLC
_beng
050 _a430
082 _aPZ8.H74
100 1 _aHolub, Joan.
245 1 0 _aSpring is here! :
_ba story about seeds /
_cby Joan Holub ; illustrated by Will Terry.
260 _aNew York :
_bAladdin,
_c2008.
300 _a22 unnumbered pages :
_bcolor illustrations ;
_c23 cm
490 0 _aAnt Hill
490 0 _aReady-to-read.
_vPre-level 1.
505 _aE
520 _aIn autumn, the little friends from Ant Hill find and plant some seeds, then patiently wait until spring to enjoy the plants that appear.
521 _a190
_bLexile
521 _aE
_bRaz-Plus
650 1 _aSeeds
_vFiction.
650 1 _aGardening
_vFiction.
650 1 _aAnts
_vFiction.
650 1 _aStories in rhyme.
700 1 _aTerry, Will,
_d1966-
_eillustrator
906 _a7
_bcbc
_corignew
_d1
_eecip
_f20
_gy-gencatlg
942 _2ddc
_cBK
_n0
999 _c5789
_d5789